01130 a2200289 45000010006000000050017000060080041000230030015000640400040000790800034001192450110001530200022002632640109002853000018003940410008004121000125004207000030005457000027005757000036006027000036006387000022006747000032006967000028007287000029007567000027007857000028008126374420260407155937.0260407a1995 arg spa dAR-UNSa-BCEJYS aAR-UNSa-BCEJYSbspacAR-UNSa-BCEJYS a657(083.74)xNormas Contables10aAnteproyecto de normas contables profesionales de aplicación a la contabilidad de la hacienda pública a978-950-9687-40-0 1aBuenos Aires :bFACPCE (Federación Argentina de Consejos Profesionales de Ciencias Económicas)c1995 a44 p.c22 cm. aspa1 aFederación Argentina de Consejos Profesionales de Ciencias Económicas. Centro de Estudios Científicos y Técnicos1 aBasile, Dante Sebastián1 aBenzrihen, Jorge Isaac1 aCortés de Trejo, Lea Cristina1 aDel Valle, Juan José Fermín1 aGurruchaga, Angel1 aLicciardo, Cayetano Antonio1 aOlazabal, Raúl Miguel1 aOstengo, Héctor Carlos1 aTorga, Pascual Alberto1 aWierna, Gustavo Enrique